Taylor Swift Charting Albums (Billboard Hot 200) - Statistics

General Stats
  • This quiz has been taken 51 times
  • The average score is 15 of 20
Answer Stats
Year Weeks on Peak Album % Correct
2019 302 #1 Lover
97%
2012 185 #1 Red
97%
2014 520 #1 1989
95%
2010 194 #1 Speak now
95%
2020 254 #1 Folklore
92%
2017 350 #1 reputation
92%
2006 285 #5 Taylor Swift
92%
2020 224 #1 Evermore
89%
2008 261 #1 Fearless
89%
2022 137 #1 Midnights
87%
2024 59 #1 The Tortured Poets Department
87%
2021 186 #1 Red (Taylor's Version)
84%
2023 84 #1 1989 (Taylor's Version)
82%
2023 86 #1 Speak now (Taylor's Version)
79%
2021 175 #1 Fearless (Taylor's Version)
76%
2008 (EP) 21 #9 Beautiful Eyes
66%
2007 43 #20 The Taylor Swift Holiday Collection
47%
2020 2 #2 Lover: Live from Paris
32%
2010 11 #11 Speak now World tour live
29%
2020 1 #3 Folklore: The long pond studio sessions
18%
No matching quizzes found
Score Distribution
Percent of People with Each Score
Percentile by Number Answered
Your Score History
You have not taken this quiz